000
00470nam a2200133Ia 4500
008
100328s9999 xx 000 0 und d
082
_b
51819
100
_a
खाडीलकर उषा
245
_a
स्त्री-मुक्ती एक कुतुहल
260
_b
वसंत
630
_a
स्त्री-मुक्ती एक कुतुहल
730
_a
स्त्री-मुक्ती एक कुतुहल
942
_c
BOOK
999
_c
538729
_d
538726